| 000 | 01166nam a2200289Ia 4500 | ||
|---|---|---|---|
| 001 | ebr10677897 | ||
| 003 | CaPaEBR | ||
| 006 | m u | ||
| 007 | cr cn||||||||| | ||
| 008 | 130413s2013 enk s 000 0 eng d | ||
| 020 | _z9789956728558 | ||
| 020 | _z9789956728053 | ||
| 020 | _z9789956728183 | ||
| 040 |
_aCaPaEBR _cCaPaEBR |
||
| 035 | _a(OCoLC)847619436 | ||
| 050 | 1 | 4 |
_aDT572.9.T47 _bP47 2013eb |
| 100 | 1 | _aTerretta, Meredith. | |
| 245 | 1 | 0 |
_aPetitioning for our rights, fighting for our nation _h[electronic resource] : _bthe history of the Democratic Union of Cameroonian Women, 1949-1960 / _cMeredith Terretta. |
| 260 |
_aOxford : _bLangaa RPCIG, _c2013. |
||
| 300 | _aix, 157 p. | ||
| 533 |
_aElectronic reproduction. _bPalo Alto, Calif. : _cebrary, _d2013. _nAvailable via World Wide Web. _nAccess may be limited to ebrary affiliated libraries. |
||
| 650 | 0 |
_aCameroon _xPolitics and government. |
|
| 650 | 0 |
_aWomen _xPolitical activity. |
|
| 655 | 7 |
_aElectronic books. _2local |
|
| 710 | 2 | _aebrary, Inc. | |
| 856 | 4 | 0 |
_uhttp://site.ebrary.com/lib/rucke/Doc?id=10677897 _zAn electronic book accessible through the World Wide Web; click to view |
| 999 |
_c59363 _d59363 |
||